| 000 | 00000nam##2200000za#4500 |
| 001 | 9.662800 |
| 003 | CaOODSP |
| 005 | 20220328113335 |
| 007 | ta |
| 008 | 150407|2001||||xxc||||| f|0| 0 fre|d |
| 020 | |a0-662-65747-0 |
| 040 | |aCaOODSP|bfre |
| 041 | |aeng |
| 041 | |afre |
| 043 | |an-cn--- |
| 086 | 1 |aC2-566/2001 |
| 110 | 1 |aCanada. |bIndustrie Canada. |
| 245 | 10|aLignes directrices pour l'application des dispositions sur l'abus deposition dominante (articles 78 et 79 de la Loi sur la concurrence) |
| 260 | |aOttawa - Ontario : |bIndustrie Canada |c2001. |
| 300 | |aTexte français, 47p. ; |c28 cm. |
| 546 | |aBilingue |
| 563 | |aCouverture souple |
| 590 | |a01-36|b2001-09-07 |
| 691 | 07|aConcurrence|2gcpds |
| 691 | 07|aLégislation|2gcpds |
| 776 | 0#|tLignes directrices pour l'application des dispositions sur l'abus de position dominante (articles 78 et 79 de la Loi sur la concurrence) |w(CaOODSP)9.630722 |
| 776 | 0#|tEnforcement guidelines on the abuse of dominance provisions (sections 78 and 79 of the Competition Act) |w(CaOODSP)9.686221 |
| 791 | |tEnforcement guidelines on the abuse of dominance provisions (sections 78 and 79 of the Competition Act) |eeng|w(CaOODSP)9.662799 |
| 986 | |a53377B |